1221 1260 1482 1853 1828 1976 1909 1518 1195 1438 1369 1826 1575 1884 1179 1937 1587 1870 1821 1512 2000 1969 1467 1706 1818 1487 1002 1686 1156 1006 1031 1736 1141 1687 1328 1611 1686 1235 1067 1816 1085 1070 1615 1665 1325 1106 1616 1975 1448 1720 1861 1103 1911 1700 1280 1863 1817 1452 1689 1202 1789 1370 1150 1161 1006 1375 1211 1413 1817 1100 1628 1461 1897 1877 1030 1599 1387 1224 1315 1137 1267 1187 1990 1601 1713 1903 1664 1785 1277 1145 1741 1128 1715 1666 1739 1350 1315 1484 1138 BCNSPRNW ULIB Ver.6.0+V

เปลี่ยนเป็นภาษาไทย

Change to English
 แสดงรายละเอียดบรรณานุกรม
  กลับหน้าหลัก

Brief Record : Get Marc (ISO 2709) : E-mail record : QR code < ปิดหน้าต่าง
LEADER : 00000nam 2200000uu 4500
001    13399113880
003     ULIB
008    120110s||||||||th 000 0 tha d
099    วจ.WY18^bป493ก
100 0  ปรียนุช ชัยกองเกียรติ
245 00 การศึกษาความต้องการกำลังคนสาขาผู้ช่วยพยาบาลใน 5 จังหวัดชายแดนภาคใต้/^cปรียนุช ชัยกองเกียรติ,อภิษฎา อรัณยภาค,ธัญญลักษณ์ ศิริชนะ และ อัจฉรา มุสิกวัณณ์
260    นนทบุรี :^bสถาบันพระบรมราชชนก,^c2553
300    111 หน้า :^bตาราง
500    รายงานการวิจัย
650  7 กำลังคนสาขาผู้ช่วยพยาบาล^xวิจัย
700 02 อภิษฎา อรัณยภา
700 02 ธัญญลักษณ์ ศิริชนะ
700 02 อัจฉรา มุสิกวัณณ์
710    สถาบันพระบรมราชชนก
945    ^p0^l0^i030940
995    ทศพร
999 ^a ทศพร
รายการนี้ยังไม่มีแท็ก
คุณยังไม่ได้ล็อกอิน คุณสามารถมีกิจกรรมร่วมกับเว็บไซต์ได้ แต่ต้องล็อกอินก่อน ::
  ล็อกอิน

รายการสื่อสารสนเทศ

ลำดับที่ ประเภท เลขเรียก/บาร์โค้ด สถานที่ สถานะ
1. งานวิจัย
งานวิจัย
วจ.WY18 ป493ก ฉ.1 
  Barcode: 030940
ห้องสมุดวิทยาเขตสวรรค์ประชารักษ์
►วิจัย
บนชั้น

BibComment


ยังไม่เคยถูกคอมเมนท์

คอมเมนท์ทรัพยากรรายการนี้
  คอมเมนท์: การศึกษาความต้องก..


 Copyright 2026. Bcnsprnw @Library